Wer ist älter? #1 - Statistiken

Allgemein
  • Dieses Quiz wurde 209 mal gespielt
  • Das Durchschnittsergebnis liegt bei 8 aus 12
Antwortstatistiken
Frage Antwort % Korrekt
Musikikonen. Katy Perry
94%
Wer könnte dieses Quiz besser anmoderieren? Thomas Gottschalk
87%
THE GOAT. Cristiano Ronaldo
77%
Junge Talente. Greta Thunberg
74%
Automobil gegen Dampflokomotive. Wessen Erfinder wurde früher geboren? Richard Trevithick
74%
Deutschland, das Land der Dichter und Denker. Johann Wolfgang von Goethe
71%
Zwei Luftfahrtpioniere. Wilbur Wright
61%
Der erste Bundeskanzler gegen den ersten Bundespräsidenten. Konrad Adenauer
58%
Die großen Entdecker. James Cook
52%
Die erfolgreichste Komponistenpartnerschaft in der Geschichte der Popmusik. John Lennon
52%
Die wichtigsten Persönlichkeiten des 17.Jahrhunderts. Rembrandt van Rijn
45%
Wettlauf zum Südpol. Robert Falcon Scott
45%
Keine übereinstimmenden Quizze gefunden
Verteilung der Resultate
Anzahl Personen mit jedem Resultat
Perzentil nach korrekt beantworteten Fragen
Ihre Resultats-Entwicklung
Sie haben dieses Quiz noch nicht gespielt